000
00226nam a22001217a 4500
040
_c
SK
082
_a
339
100
_a
GREGORY N.
245
_a
Macroeconomics
260
_a
HARVARD
_b
GER
_c
2007
300
_a
583p.
942
_c
EK
999
_c
9596
_d
9596